000 00476nam a2200193Ia 4500
003 GCL
008 140319s9999 xx 000 0 eng d
040 _aGCL /
_cGCL
082 0 4 _a861
_bN A
100 1 _aNERUDA, POFLA
245 1 0 _aANTOLOGIA POETECA, I /
_cNERUDA, POFLA
260 _a[S.N] :
_bALIANZA EDITORIAL ،
_c1986
300 _a302
650 0 4 _aLITERATURE
650 0 4 _aPOETRY
650 0 4 _aSPANISH LITERATURE
650 0 4 _aSPANISH POETRY
942 _2ddc
_cBK
999 _c10518
_d10518